000 nam a22 a 4500
999 _c429758
_d429758
003 BLK
005 20210824143051.0
008 210818b bu |||||r|||| 00| | bu d
040 _aBLK
041 _aRUS
_cRUS
080 _aРуска литература
_b821.161.1
_x.09
_z821.161.1.09
100 _91299
_aМихайловский, Николай Константинович
_eпърви автор
139 _aМихайловский, Николай Константинович
245 _aСочинения Н.К. Михайловского
_cНиколай Константинович Михайловский,
_nТ. 1
257 _aRUS
260 _9460445
_a Санкт-Петербург
_bред. журн. Русское богатство
_c1896-
300 _c27 см
380 _a82
490 _9435080
_aКолекция Редки и ценни издания
760 _aМихайловский, Николай Константинович
_dСанкт-Петербург : Ред. журн. "Русское богатство", 1896
_h970 c.
_oТ. 1
852 _aРр 896
_bРц
942 _cKNG
_n0
_s1
944 _aCR
_c2021-08-24
_kВК
_l2021-08-24
999 _d429758
999 _d429758